Statistics for Largest Cities with Double Letters

Click here to take the quiz!

General Stats

  • This quiz has been taken 137 times
    (102 since last reset)
  • The average score is 8 of 20

Answer Stats

PopulationRegionCity% Correct
13,400,000Southern AfricaJohannesburg
87%
6,550,000North AmericaDallas
73%
4,575,000Western AfricaAccra
64%
3,350,000Middle EastAmman
60%
10,000,000Southern AsiaChennai
55%
3,475,000Eastern AfricaAddis Ababa
55%
5,300,000Eastern AfricaDar es Salaam
54%
4,075,000North AmericaSeattle
54%
4,225,000Middle EastJeddah
47%
3,050,000North AmericaMinneapolis
36%
3,800,000South AmericaMedellín
31%
2,725,000North AmericaCincinnati
29%
4,650,000North AmericaMonterrey
27%
4,850,000EuropeDüsseldorf
27%
2,500,000Eastern AsiaSapporo
23%
2,375,000Middle EastDammam
22%
4,525,000Southern AsiaChittagong
15%
3,075,000Middle EastMashhad
14%
3,100,000EuropeRotterdam
13%
3,200,000Eastern AsiaNanning
12%

Score Distribution

Percentile by Number Answered

Percent of People with Each Score

Your Score History

You have not taken this quiz since the last reset